Una mascota para tía Roberta /

Todo el día limpia y ordena tía Roberta. En su casa no se salta, no se corre, no se juega. Entonces pienso y pienso hasta que tengo una idea...

Guardado en:
Autor Principal: Gutiérrez, Javiera
Otros Autores: Keselman, Adriana; il.
Formato: Libro
Publicado: Buenos Aires : Lúdico Ediciones, 2013
Materias:
Etiquetas: Agregar Etiqueta
Sin Etiquetas, Sea el primero en etiquetar este registro!
LEADER 01136nam a22002775a 4500
001 CEM.cems015376
008 130507s2013##################000#0#####d
005 20240223161422.0
245 1 0 |a Una mascota para tía Roberta /  |c Javiera Gutiérrez ; ilustrado Por Adriana Keselman. 
260 |a Buenos Aires :  |b Lúdico Ediciones,  |c 2013 
300 |a 32 p. 
500 |a Edad sugerida a partir de 4 años. 
500 |a Incluye actividades. 
520 |a Todo el día limpia y ordena tía Roberta. En su casa no se salta, no se corre, no se juega. Entonces pienso y pienso hasta que tengo una idea... 
020 |a 9789872566197 
100 1 |a Gutiérrez, Javiera 
700 1 |a Keselman, Adriana; il. 
082 0 4 |a A868.4 
653 |a Literatura 
653 |a Literatura argentina 
653 |a Literatura infantil 
653 |a Cuentos infantiles 
653 |a Colección ciencias de la educación 
859 |a CEMS  |b BIB. CEMS - Inicial y Primaria  |h A868.4  |i G985  |k IP  |p 3910  |t Ej. 1 
859 |a CEMS  |b BIB. CEMS - Ccias. Educacion  |h A868.4  |i G985  |k CE  |p 28669.19  |t Ej.1 
859 |a CEMS  |b BIB. CEMS - Ccias. Educacion  |h A868.4  |i G985  |k CE  |p 28670.19  |t Ej.2